000 00253nam a2200109Ia 4500
008 200302s9999 xx 000 0 und d
100 _aMikhail Posokhin
245 _aTowns for People
260 _bProgress Publishers
260 _c1980
300 _a219 P.,
999 _c5680
_d5680